000 00682nam a2200289Ia 4500
005 20260324115611.0
008 008 260324s9999 xx 000 0 eng d
020 _a9781315154619
037 _aEBOOK
040 _aCRL
040 _beng
040 _cCRL
041 _2eng
041 _aeng
084 _qCRL
100 _aAbdul Al-Azzawi
_91155294
245 0 _aFiber Optics
245 0 _bPrinciples and Advanced Practices, Second Edition
260 _bTaylor and Francis
260 _c2017
365 _a
365 _b400
856 _uhttp://www.taylorfrancis.com/books/9781315154619
942 _cEBOOK
999 _c1746282
_d1746282